Rentgenodiagnostičeskij atlas. 1, Bolezni opornodvigatel´nogo apparata /
Uložené v:
| Hlavní autori: | , |
|---|---|
| Médium: | Kniha |
| Jazyk: | Russian |
| Vydané: |
Minsk :
Vyšejšaja škola,
1987
|
| Vydanie: | 1. izd. |
| ISBN: |
(viaz.) |
| Fyzický popis: |
286 s. |
| Tagy: |
Pridať tag
Žiadne tagy, Buďte prvý kto otaguje tento záznam!
|
Titul je dostupný aj v ... 

MARC
| LEADER | 00000nam a2200000 a 4500 | ||
|---|---|---|---|
| 001 | 000282913 | ||
| 005 | 20061109161850.0 | ||
| 008 | 061109s1987 ru e 000 0 ruso | ||
| 020 | |a (viaz.) | ||
| 040 | |a SVKKK |b slo |c SVKKK |e AACR2 | ||
| 041 | 0 | |a rus | |
| 044 | |a ru |c RU | ||
| 100 | 1 | |a Ruckij, Aleksandr Vladimirovič |4 aut | |
| 245 | 1 | 0 | |a Rentgenodiagnostičeskij atlas. |n 1, |p Bolezni opornodvigatel´nogo apparata / |c Aleksandr Vladimirovič Ruckij, Anatolij Nikolajevič Michajlov |
| 246 | 3 | 0 | |a Bolezni opornodvigatel´nogo apparata |
| 250 | |a 1. izd. | ||
| 260 | |a Minsk : |b Vyšejšaja škola, |c 1987 | ||
| 300 | |a 286 s. | ||
| 700 | 1 | |a Michajlov, Anatolij Nikolajevič |4 aut | |
| 998 | |a BK | ||
| 090 | |g SCKHL |k Sklad Pribinova 3. posch. |a V.164791 |j 779388 |i B83264 |4 Zastaraná |s Vyradená | ||